[Event "Hamburg-ch int 09th"]
[Site "Hamburg"]
[Date "2006.06.07"]
[Round "5"]
[White "Stanke, Juergen"]
[Black "Souleidis, Georgios"]
[Result "0-1"]
[WhiteElo "2335"]
[BlackElo "2435"]
[PlyCount "142"]
[EventDate "2006.06.03"]
[EventType "swiss"]
[EventRounds "9"]
[EventCountry "GER"]
[SourceTitle "CBM 112 Extra"]
[Source "ChessBase"]
[SourceDate "2006.07.14"]
[SourceVersion "1"]
[SourceVersionDate "2006.07.14"]
[SourceQuality "1"]

1. d4 Nf6 2. c4 g6 3. Nc3 Bg7 4. e4 d6 5. Be2 0-0 6. Nf3 e5 7. 0-0 Na6 8. d5 Nc5 9. Qc2 a5 10. Bg5 h6 11. Be3 b6 12. Nd2 Bg4 13. f3 Bd7 14. b3 Nh5 15. g3 f5 16. Bf2 fxe4 17. Ndxe4 Bh3 18. Rfe1 Nxe4 19. Nxe4 Bf5 20. Be3 Nf6 21. Bd3 Kh7 22. Rad1 Qd7 23. a4 Rf7 24. Rf1 Raf8 25. Nxf6+ Rxf6 26. Be4 Bxe4 27. Qxe4 h5 28. Bg5 R6f7 29. Kg2 Qf5 30. h4 Bh6 31. Bxh6 Kxh6 32. Rde1 Qd7 33. Re3 Rf5 34. Rh1 Qf7 35. Kf2 Kh7 36. Ke2 Qf6 37. Rh2 Rf7 38. Rh3 Kg8 39. Rd3 Qg7 40. Kf2 R7f6 41. Re3 g5 42. hxg5 Rxg5 43. Qh4 Qg6 44. Re4 Rf7 45. Ke3 Rg7 46. g4 Rh7 47. Qe1 hxg4 48. Rxh7 Qxh7 49. fxg4 Qh3+ 50. Kd2 Rxg4 51. Rxg4+ Qxg4 52. Kd3 Kg7 53. Qf1 Kg6 54. Kc3 Qf4 55. Qg2+ Kf6 56. Qh3 Qc1+ 57. Kd3 Qb1+ 58. Kc3 Qc1+ 59. Kd3 Qd1+ 60. Kc3 Qe1+ 61. Kc2 Qf2+ 62. Kc3 Kg5 63. Qh7 Qf3+ 64. Kb2 e4 65. Qg7+ Kf5 66. Qxc7 Qf2+ 67. Kc3 Qg3+ 68. Kd2 Qd3+ 69. Ke1 Qe3+ 70. Kf1 Qf3+ 71. Ke1 e3 0-1

[Event "BL2-Nord 0506"]
[Site "Germany"]
[Date "2006.01.15"]
[Round "5.4"]
[White "Stanke, Juergen"]
[Black "Sarbok, Torsten"]
[Result "1/2-1/2"]
[WhiteElo "2334"]
[BlackElo "2336"]
[PlyCount "70"]
[EventDate "2005.10.23"]
[EventType "team-tourn"]
[EventRounds "9"]
[EventCountry "GER"]
[SourceTitle "EXT 2007"]
[Source "ChessBase"]
[SourceDate "2006.11.23"]
[SourceVersion "1"]
[SourceVersionDate "2006.11.23"]
[SourceQuality "1"]
[WhiteTeam "Hamburger SK II"]
[BlackTeam "Koenig Tegel"]
[WhiteTeamCountry "GER"]
[BlackTeamCountry "GER"]

1. g3 d5 2. Bg2 c6 3. f4 Bf5 4. Nf3 Be4 5. Nc3 Bxf3 6. Bxf3 Nf6 7. d3 Nbd7 8. e4 dxe4 9. Nxe4 Nxe4 10. Bxe4 Nf6 11. Be3 e6 12. Bg2 Nd5 13. Bf2 Be7 14. 0-0 0-0 15. Qe2 Bf6 16. c3 Qc7 17. d4 g6 18. Rfd1 Rfd8 19. Rac1 Ne7 20. Qe4 h5 21. a3 Rd7 22. Rf1 Rad8 23. Rc2 Nd5 24. Be1 c5 25. dxc5 Qxc5+ 26. Bf2 Qc7 27. Rd2 b6 28. Qf3 Be7 29. Rfd1 Bc5 30. Bxc5 Qxc5+ 31. Qf2 Qc7 32. Bxd5 Rxd5 33. Rxd5 Rxd5 34. Rxd5 exd5 35. Qd4 Qe7 1/2-1/2

[Event "BL2-Nord 0405"]
[Site "Germany"]
[Date "2005.02.13"]
[Round "7.5"]
[White "Forchert, Martin"]
[Black "Stanke, Juergen"]
[Result "1-0"]
[WhiteElo "2399"]
[BlackElo "2308"]
[PlyCount "81"]
[EventDate "2004.10.24"]
[EventType "team-tourn"]
[EventRounds "9"]
[EventCountry "GER"]
[SourceTitle "EXT 2007"]
[Source "ChessBase"]
[SourceDate "2006.11.23"]
[SourceVersion "1"]
[SourceVersionDate "2006.11.23"]
[SourceQuality "1"]
[WhiteTeam "Werder Bremen II"]
[BlackTeam "Hamburger SK II"]
[WhiteTeamCountry "GER"]
[BlackTeamCountry "GER"]

1. e4 c5 2. Nf3 e6 3. d4 cxd4 4. Nxd4 Nc6 5. Nb5 d6 6. c4 Nf6 7. N1c3 a6 8. Na3 Be7 9. Be2 0-0 10. 0-0 b6 11. f4 Bb7 12. Bf3 Qc7 13. Be3 Nb8 14. g4 h6 15. h4 Nbd7 16. g5 hxg5 17. hxg5 Nh7 18. Qd2 Rfe8 19. Rf2 Rac8 20. Rh2 d5 21. exd5 Bxa3 22. bxa3 exd5 23. Nxd5 Bxd5 24. Bxd5 Nxg5 25. Re1 Nf6 26. fxg5 Nxd5 27. cxd5 Re4 28. Bf2 Qe5 29. Rxe4 Qxe4 30. Rh4 Qb1+ 31. Kg2 Qf5 32. Rd4 Rc2 33. Qf4 Qd7 34. d6 Rc3 35. Qg4 Qc6+ 36. Qe4 Qd7 37. Rd3 Rc6 38. g6 Rc2 39. Re3 fxg6 40. Qd5+ Qf7 41. Re8+ 1-0

[Event "Hamburg HSK IM"]
[Site "Hamburg"]
[Date "2005.01.10"]
[Round "11"]
[White "Murdzia, Piotr"]
[Black "Stanke, Juergen"]
[Result "1-0"]
[WhiteElo "2454"]
[BlackElo "2318"]
[PlyCount "57"]
[EventDate "2005.01.02"]
[EventType "tourn"]
[EventRounds "11"]
[EventCountry "GER"]
[EventCategory "4"]
[SourceTitle "CBM 104 Extra"]
[Source "ChessBase"]
[SourceDate "2005.03.01"]
[SourceVersion "1"]
[SourceVersionDate "2005.03.01"]
[SourceQuality "1"]

1. e4 c5 2. Nf3 e6 3. d4 cxd4 4. Nxd4 Nc6 5. Nc3 Qc7 6. g3 a6 7. Bg2 d6 8. 0-0 Be7 9. Nde2 Nf6 10. h3 b5 11. g4 h6 12. Ng3 b4 13. Nce2 Bb7 14. f4 Qb6+ 15. Kh2 g5 16. a3 gxf4 17. Nxf4 Ne5 18. Nfh5 Nxh5 19. Nxh5 Bg5 20. Bxg5 hxg5 21. Qd2 Rxh5 22. gxh5 bxa3 23. Rxa3 g4 24. Rb3 Qc7 25. Qg5 gxh3 26. Kxh3 Bc6 27. Rg3 Kd7 28. Qxe5 dxe5 29. Rxf7+ 1-0

[Event "Hamburg HSK IM"]
[Site "Hamburg"]
[Date "2005.01.07"]
[Round "8"]
[White "Stanke, Juergen"]
[Black "Huschenbeth, Niclas"]
[Result "1-0"]
[WhiteElo "2318"]
[BlackElo "2118"]
[PlyCount "47"]
[EventDate "2005.01.02"]
[EventType "tourn"]
[EventRounds "11"]
[EventCountry "GER"]
[EventCategory "4"]
[SourceTitle "CBM 104 Extra"]
[Source "ChessBase"]
[SourceDate "2005.03.01"]
[SourceVersion "1"]
[SourceVersionDate "2005.03.01"]
[SourceQuality "1"]

1. g3 Nf6 2. Bg2 d5 3. f4 g6 4. Nf3 Bg7 5. 0-0 0-0 6. d3 d4 7. Qe1 c5 8. a4 Nbd7 9. Na3 Nb6 10. a5 Nbd5 11. h3 b6 12. Ne5 Be6 13. Bd2 Rc8 14. Nb5 a6 15. Na7 Ra8 16. Nac6 Qc8 17. axb6 Qb7 18. Na5 Qxb6 19. Nac4 Qd8 20. g4 Qc8 21. Qh4 Ra7 22. Ra5 Bd7 23. g5 Ne3 24. Bxe3 1-0

[Event "BL2-Nord 0405"]
[Site "Germany"]
[Date "2004.11.14"]
[Round "2.5"]
[White "Neumeier, Lars"]
[Black "Stanke, Juergen"]
[Result "0-1"]
[WhiteElo "2254"]
[BlackElo "2308"]
[PlyCount "172"]
[EventDate "2004.10.24"]
[EventType "team-tourn"]
[EventRounds "9"]
[EventCountry "GER"]
[SourceTitle "EXT 2007"]
[Source "ChessBase"]
[SourceDate "2006.11.23"]
[SourceVersion "1"]
[SourceVersionDate "2006.11.23"]
[SourceQuality "1"]
[WhiteTeam "Berlin Rotation"]
[BlackTeam "Hamburger SK II"]
[WhiteTeamCountry "GER"]
[BlackTeamCountry "GER"]

1. Nf3 d5 2. c4 e6 3. b3 c5 4. e3 Nc6 5. d4 Nf6 6. Bb2 cxd4 7. Nxd4 Bb4+ 8. Bc3 Qa5 9. Qd2 Nxd4 10. exd4 Bxc3 11. Qxc3 Qxc3+ 12. Nxc3 dxc4 13. Bxc4 0-0 14. f3 Bd7 15. Kf2 Bc6 16. Rhd1 Rfd8 17. Rac1 Rd7 18. Ke3 Kf8 19. Ne4 Nd5+ 20. Bxd5 Rxd5 21. Rc5 Rad8 22. Rxd5 Rxd5 23. Nc3 Rg5 24. Rd2 Ke7 25. b4 h5 26. Rc2 h4 27. h3 Kd7 28. a3 a6 29. Rf2 Rh5 30. Kf4 f6 31. Rd2 Rf5+ 32. Ke3 Rg5 33. Kf2 Rh5 34. Nd1 Ke7 35. Ne3 Rh8 36. Ng4 Rd8 37. Ke3 Ba4 38. Kf2 Rc8 39. Re2 Bb5 40. Ra2 Rc3 41. Ne3 Kd7 42. d5 e5 43. Nf5 Bc4 44. Rd2 Rxa3 45. Nxg7 Ra2 46. Rxa2 Bxa2 47. Nf5 Bxd5 48. Ke3 b6 49. f4 Bxg2 50. fxe5 fxe5 51. Nxh4 Bxh3 52. Nf3 Kd6 53. Nd2 Kd5 54. Kd3 Bg2 55. Kc3 e4 56. Nc4 Kc6 57. Ne3 Bf3 58. Nc2 Kb5 59. Na3+ Ka4 60. Nc4 b5 61. Nb6+ Ka3 62. Nd5 Bg4 63. Ne3 Be6 64. Nf1 Ka4 65. Ne3 Bc4 66. Nd1 Be2 67. Ne3 a5 68. Nd5 axb4+ 69. Nxb4 Bc4 70. Nc2 Bd3 71. Nb4 Ka3 72. Nd5 Bb1 73. Nb4 e3 74. Nd5 e2 75. Kd2 Bd3 76. Ne3 Kb2 77. Ng2 Bc4 78. Ne1 b4 79. Nc2 b3 80. Nd4 Ka2 81. Nc6 Bb5 82. Nb4+ Ka3 83. Nd5 b2 84. Nc3 Kb3 85. Nb1 Bd3 86. Nc3 e1Q+ 0-1